000 00779nam a2200205Ii 4500
003 JO-AjNU
008 230605s9999||||xx |||||||||||||| ||und||
040 _aJO-AjNU
_bara
_erda
_cJO-AjNU
041 _aara
050 1 4 _aBP134.Y3.F33 2007
100 3 _aفهمي، محمد عبد الباقي,
_eauthor
_921082
245 0 0 _aاليد في ضوء القرآن والسنة والضمير الإنسامي : عجائب وأسرار
250 _aالاصدار الاول
264 3 1 _aدمشق: دار صفحات للدراسات والنشر
300 _a95ص
_bصور توضبحية
336 _atext
_btxt
_2rdacontent
337 _aunmediated
_bn
_2rdamedia
338 _avolume
_bnc
_2rdacarrier
650 4 _aاليد في القران - اليد في السنة
_921083
999 _aA7265
_c10833
_d10833